| 000 | 00472nam a2200157 i 4500 | ||
|---|---|---|---|
| 001 | 40125 | ||
| 003 | ES-MaACL | ||
| 005 | 20230906160140.0 | ||
| 007 | t| | ||
| 008 | 030305s1951 sp ||||1| spa d | ||
| 100 | 1 |
_aCañada Valle, Juan. _934720 |
|
| 245 | 1 | 0 |
_aAnotaciones a la Ley de contrato de trabajo... / _cJuan Cañada Valle. |
| 260 |
_a[Zaragoza : _bs.n., _c1951] ( _fTip. La Académica) |
||
| 300 |
_aVIII, 636 p. ; _c17 cm. |
||
| 852 |
_aES-MaACL _jD-7377 _bR.31269 |
||
| 999 |
_c40125 _d40125 |
||